| 000 | 00659nam a2200241Ia 4500 | ||
|---|---|---|---|
| 003 | OSt | ||
| 005 | 20221005123409.0 | ||
| 006 | a|||||r|||| 00| 0 | ||
| 007 | ta | ||
| 008 | 221004b |||||||| |||| 00| 0 eng d | ||
| 024 | _a65848 | ||
| 037 | _cTextual | ||
| 040 |
_aCRL _cCRL _beng |
||
| 041 |
_2eng _aeng |
||
| 082 | _aWxM36z7, G11 | ||
| 100 | _aGreen Thomas Hill | ||
| 245 | 0 | _aLectures on the principles of political obligation | |
| 260 | _c1931 | ||
| 500 | _aReprinted from Green's Philosophicsl works. V2. | ||
| 650 | _aPOLITICAL SCIENCE | ||
| 942 |
_hWxM36z7, G11 _cTEXL _2cc |
||
| 999 |
_c1047303 _d1047303 |
||